Catalog

Record Details

Catalog Search



Verbrechen der Wehrmacht : Bilanz einer Debatte / hrsg. von Christian Hartmann, Johannes Hürter und Ulrike Jureit

Record details

  • ISBN: 3-406-52802-3 (brož.)
  • Physical Description: 230 s : mapy ; 19 cm
  • Edition: Orig.-Ausg.
  • Publisher: München : C.H. Beck, c2005

Content descriptions

Bibliography, etc. Note:
Obsahuje bibliografii

Available copies

  • 1 of 1 copy available at Common Catalog SPOK.

Holds

  • 0 current holds with 1 total copy.
Show Only Available Copies
Location Call Number / Copy Notes Barcode Shelving Location Status Due Date
Terezin Initiative Institute 5021 4594305021 Knihovna ITI Available -

LDR 01576nam a2200433 a 4500
00127578
003CZ-PrJAB
00520221025122002.0
008051122s2005 gw b gr 000 0 ger d
020 . ‡a3-406-52802-3 (brož.)
035 . ‡a(CONS)2400
035 . ‡a(CZ PrSKC)zpk20051584799
040 . ‡aGBV ‡bcze ‡dABA001
080 . ‡a341.322.5 ‡2MRF
080 . ‡a355.1 ‡2MRF
080 . ‡a355.48(100)"1939/1945" ‡2MRF
080 . ‡a(430) ‡2MRF
080 . ‡a(47+57) ‡2MRF
080 . ‡a(062.534) ‡2MRF
24500. ‡aVerbrechen der Wehrmacht : ‡bBilanz einer Debatte / ‡chrsg. von Christian Hartmann, Johannes Hürter und Ulrike Jureit
250 . ‡aOrig.-Ausg.
260 . ‡aMünchen : ‡bC.H. Beck, ‡cc2005
300 . ‡a230 s : ‡bmapy ; ‡c19 cm
4901 . ‡aBeck'sche Reihe ; ‡v1632
504 . ‡aObsahuje bibliografii
7001 . ‡aHartmann, Christian, ‡d1959- ‡7jx20090526011 ‡4edt
7001 . ‡aHürter, Johannes, ‡d1963- ‡7js2008409854 ‡4edt
7001 . ‡aUlrike, Jureit, ‡d1964- ‡4edt
7102 . ‡aHamburger Institut für Sozialforschung ‡7ko2004226081
830 0. ‡aBeck'sche Reihe
8524 . ‡bJACH-ITI ‡bJACH-ITI ‡cKnihovna ITI ‡j5021 ‡p5021 ‡y$0.00
910 . ‡aABE340 ‡b5021
995 . ‡askok
901 . ‡a27578 ‡bISxN ‡c27578 ‡tbiblio

Additional Resources